=LDR 00000nam 2200000 4500 =001 INLIS000000000060790 =005 20240203034420 =035 ##$$a 0010-0322000143 =007 ta =008 240203###########################0#ind## =020 ##$$a 978-602-444-736-6 =082 ##$$a 362.829 2 =084 ##$$a 362.829 2 VIN p =100 #$$a Vinita Susanti =245 1#$$a Perempuan Membunuh : $b Istri Sebagai Korban dan Pelaku KDRT /$c Vinita Susanti =260 ##$$a Jakarta :$b Bumi Aksara,$c 2020 =300 ##$$a 180 Halaman : $b Ilustrasi ; $c 21 Cm =650 #4$$a Pembunuhan =990 ##$$a 1202201216 =990 ##$$a 1202201217 =990 ##$$a 1202201218 =990 ##$$a 1202201219